American Countries with Lowest Highest Points - Statistics

General Stats
  • This quiz has been taken 20 times
  • The average score is 8 of 10
Answer Stats
Highest Point Country % Correct
402 m (1,319 ft) Antigua and Barbuda
94%
336 m (1,102 ft) Barbados
94%
63 m (207 ft) Bahamas
89%
1,124 m (3,688 ft) Belize
89%
840 m (2,756 ft) Grenada
89%
1,156 m (3,793 ft) Saint Kitts and Nevis
89%
950 m (3,117 ft) Saint Lucia
89%
940 m (3,084 ft) Trinidad and Tobago
89%
514 m (1,686 ft) Uruguay
67%
842 m (2,762 ft) Paraguay
50%
No matching quizzes found
Score Distribution
Percent of People with Each Score
Percentile by Number Answered
Your Score History
You have not taken this quiz